Leyendas y tradiciones españolas. (Record no. 110625)

MARC details
000 -LEADER
campo de control de longitud fija 00571nam a2200205 i 4500
001 - NÚMERO DE CONTROL
campo de control 110625
003 - IDENTIFICADOR DE NÚMERO DE CONTROL
campo de control ES-MaACL
005 - FECHA Y HORA DE LA ÚLTIMA TRANSACCIÓN
campo de control 20230906185116.0
007 - CAMPO FIJO DE DESCRIPCIÓN FÍSICA--INFORMACIÓN GENERAL
campo de control de longitud fija t|
008 - DATOS DE LONGITUD FIJA--INFORMACIÓN GENERAL
campo de control de longitud fija 070206s1920 sp ||||1| spa d
080 ## - NÚMERO DE LA CLASIFICACIÓN DECIMAL UNIVERSAL
Número de la Clasificación Decimal Universal 398.2(460)(082.2)
245 00 - MENCIÓN DEL TÍTULO
Título Leyendas y tradiciones españolas.
260 ## - PUBLICACIÓN, DISTRIBUCIÓN, ETC.
Lugar de publicación, distribución, etc. [Madrid :
Nombre del editor, distribuidor, etc. La Novela Corta,
Fecha de publicación, distribución, etc. 1920]
300 ## - DESCRIPCIÓN FÍSICA
Extensión [48] p. ;
Dimensiones 20 cm.
490 1# - MENCIÓN DE SERIE
Mención de serie La novela corta ;
Designación de volumen o secuencia 227
650 #4 - PUNTO DE ACCESO ADICIONAL DE MATERIA--TÉRMINO DE MATERIA
Término de materia o nombre geográfico como elemento de entrada Leyendas-
Subdivisión geográfica España.
9 (RLIN) 14378
830 0# - PUNTO DE ACCESO ADICIONAL DE SERIE-TÍTULO UNIFORME
Título uniforme La novela corta ;
Designación de volumen o secuencia 227
9 (RLIN) 182142
852 ## - LOCALIZACIÓN
Ubicación ES-MaACL
Número de control de estantería 2213-F-39
Sublocalización o colección R.138647
Holdings
Estatus retirado Estado de pérdida Estado de daño No para préstamo Colección Biblioteca de origen Biblioteca actual Ubicación en estantería Fecha de adquisición Fuente de adquisición Total de préstamos Signatura topográfica completa Código de barras Visto por última vez Precio de reemplazo Tipo de ítem Koha
        Colección de folletos Biblioteca del Ateneo de Madrid Biblioteca del Ateneo de Madrid Depósito folletos 17/01/2008     2213-F-39 1115419 23/02/2023 23/02/2023 Folleto